Gli amanti passeggeri /

Đã lưu trong:
Chi tiết về thư mục
Tác giả chính: Iglesias, Alberto (Nhà soạn nhạc)
Tác giả khác: Almodóvar, Pedro (Biên kịch, Giám đốc, Người viết kịch bản), Martí, Laya (Diễn viên), Torre, Antonio : de la (Diễn viên), Silvestre, Miguel Angel (Diễn viên), Areces, Carlos (Diễn viên), Alcaine, José Luis (Nhiếp ảnh gia), Garcia, Esther (Nhà sản xuất), Silva, Hugo (Diễn viên), Cámara, Javier (Diễn viên)
Định dạng: Slide
Ngôn ngữ:Tiếng Italy
Tiếng Tây Ban Nha
Được phát hành: Milano : Warner Bros. Entertainment, 2013
Các nhãn: Thêm thẻ
Không có thẻ, Là người đầu tiên thẻ bản ghi này!

MARC

LEADER 00000ngm a22000007i 4500
001 IT\ICCU\RCA\0731374
003 ItRI
005 20260124182856.0
008 130927s2013 it |||||||||||||||k|||||c
024 3 1 |a 5051891096400 
028 4 2 |a 1000424213  |b Warner Home Video 
028 4 2 |a 13PD0132 
040 |b ita 
041 7 |a ita  |a spa  |2 ISO-639-2 
082 |a 791.43  |9 CINEMA  |2 14 
130 4 |a Los amantes pasajeros <film ; 2013>  |3 IT\ICCU\RCA\0731377 
245 0 4 |a Gli amanti passeggeri /  |c scritto e diretto da Pedro Almodóvar ; direttore della fotografia: José Luis Alcaine ; musiche di Alberto Iglesias ; prodotto da Esther García ; cast: Antonio De La Torre, Hugo Silva, Miguel Ángel Silvestre ... [et al.]. 
260 |a Milano :  |b Warner Bros. Entertainment,  |c 2013 
300 |a 1 DVD-Video (ca. 86 min.) ;  |c in contenitore, 19 cm 
500 |a Produzione cinematografica: Spagna, 2013 
500 |a Caratteristiche tecniche: regione 2; 16:9, 1.85:1 adatto a ogni tipo di televisore; doppio strato; Dolby digital 5.1; color 
500 |a Titolo del contenitore 
500 |a Lingue: italiano, spagnolo; sottotitoli: italiano per non udenti, italiano forzato su audio spagnolo 
500 |a Contenuti speciali: making of 
500 |a Etichetta: Warner Home Video 
700 1 |a Almodóvar, Pedro  |0 IT\ICCU\CFIV\096565  |4 aus 
700 1 |a Almodóvar, Pedro  |0 IT\ICCU\CFIV\096565  |4 drt 
700 1 |a Almodóvar, Pedro  |0 IT\ICCU\CFIV\096565  |4 sce 
700 1 |a Martí, Laya  |0 IT\ICCU\DDSV\350728  |4 act 
700 1 |a Torre, Antonio : de la  |0 IT\ICCU\MILV\127635  |4 act 
700 1 |a Silvestre, Miguel Angel  |0 IT\ICCU\MODV\648578  |4 act 
700 1 |a Areces, Carlos  |0 IT\ICCU\PUVV\403811  |4 act 
700 1 |a Alcaine, José Luis  |0 IT\ICCU\RAVV\281077  |4 pht 
700 1 |a Garcia, Esther  |0 IT\ICCU\RAVV\391364  |4 pro 
700 1 |a Silva, Hugo  |0 IT\ICCU\SBLV\128189  |4 act 
700 1 |a Iglesias, Alberto  |0 IT\ICCU\UBOV\483051  |4 cmp 
700 1 |a Cámara, Javier  |0 IT\ICCU\UBOV\715812  |4 act 
790 1 |a Almodóvar Caballero, Pedro  |3 IT\ICCU\SBNV\072548  |z Almodóvar, Pedro 
790 1 |a Almodóvar Caballero, Pedro  |3 IT\ICCU\SBNV\072548  |z Almodóvar, Pedro 
790 1 |a Almodóvar Caballero, Pedro  |3 IT\ICCU\SBNV\072548  |z Almodóvar, Pedro 
790 0 |a Julio César  |3 IT\ICCU\SBLV\128190  |z Silva, Hugo 
942 |2 ddc  |c VM  |n 0 
952 |0 0  |1 0  |4 0  |6 VO_2126_000000000000000  |7 0  |9 27381  |a BO  |b BO  |d 2026-01-24  |i 17350  |l 0  |o VO 2126  |p BO17350  |r 2026-01-24 18:28:56  |w 2026-01-24  |x [Sebina 7] [1 dvd]  |y VM  |z 1 dvd 
999 |c 23193  |d 23193